<?xml version="1.0" encoding="UTF-8"?><?xml-stylesheet type="text/xsl" href="static/style.xsl"?><OAI-PMH xmlns="http://www.openarchives.org/OAI/2.0/" xmlns:xsi="http://www.w3.org/2001/XMLSchema-instance" xsi:schemaLocation="http://www.openarchives.org/OAI/2.0/ http://www.openarchives.org/OAI/2.0/OAI-PMH.xsd"><responseDate>2026-04-13T05:35:35Z</responseDate><request verb="GetRecord" identifier="oai:www.recercat.cat:2072/381878" metadataPrefix="marc">https://recercat.cat/oai/request</request><GetRecord><record><header><identifier>oai:recercat.cat:2072/381878</identifier><datestamp>2026-03-30T23:15:33Z</datestamp><setSpec>com_2072_98</setSpec><setSpec>col_2072_378192</setSpec></header><metadata><record xmlns="http://www.loc.gov/MARC21/slim" xmlns:dcterms="http://purl.org/dc/terms/" xmlns:xsi="http://www.w3.org/2001/XMLSchema-instance" xmlns:doc="http://www.lyncode.com/xoai" xsi:schemaLocation="http://www.loc.gov/MARC21/slim http://www.loc.gov/standards/marcxml/schema/MARC21slim.xsd">
   <leader>00925njm 22002777a 4500</leader>
   <datafield ind2=" " ind1=" " tag="042">
      <subfield code="a">dc</subfield>
   </datafield>
   <datafield ind2=" " ind1=" " tag="720">
      <subfield code="a">Galbany-Casals, Mercè</subfield>
      <subfield code="e">author</subfield>
   </datafield>
   <datafield ind2=" " ind1=" " tag="720">
      <subfield code="a">Sáez, Llorenç</subfield>
      <subfield code="e">author</subfield>
   </datafield>
   <datafield ind2=" " ind1=" " tag="720">
      <subfield code="a">Benedí, Carles</subfield>
      <subfield code="e">author</subfield>
   </datafield>
   <datafield ind2=" " ind1=" " tag="260">
      <subfield code="c">2006</subfield>
   </datafield>
   <datafield ind2=" " ind1=" " tag="520">
      <subfield code="a">A conspectus of Helichrysum sect. Stoechadina (DC.) Gren. &amp; Godr. is provided. Eight species and five subspecies are recognized. For each accepted taxa all synonyms found in the literature are listed, based on the study of the protologues, the type material, and numerous herbarium specimens comprising the whole distribution area and the variability of each species. Notes on the distribution area are provided. Four names are lectotypified, and references to previous lecotypifications are also presented.</subfield>
   </datafield>
   <datafield ind2=" " ind1=" " tag="520">
      <subfield code="a">Es presenta un conspectus de Helichrysum sect. Stoechadina (DC.) Gren. &amp; Godr. Es reconeixen vuit espècies i cinc subespècies. Per cada taxó acceptat es relacionen tots el sinònims trobats a la bibliografia, a partir de l'estudi dels protòlegs, el material tipus i els nombrosos exemplars d'herbari que comprenen tota l'àrea de distribució i la variabilitat de cada espècie. S'aporten notes sobre l'àrea de distribució. Quatre noms han estat lectotipificats y es presenten també referencies sobre lectotipificacions prèvies.</subfield>
   </datafield>
   <datafield tag="653" ind2=" " ind1=" ">
      <subfield code="a">Gnaphalieae</subfield>
   </datafield>
   <datafield tag="653" ind2=" " ind1=" ">
      <subfield code="a">Helichrysum</subfield>
   </datafield>
   <datafield tag="653" ind2=" " ind1=" ">
      <subfield code="a">Regió mediterrània</subfield>
   </datafield>
   <datafield tag="653" ind2=" " ind1=" ">
      <subfield code="a">Nomenclatura</subfield>
   </datafield>
   <datafield tag="653" ind2=" " ind1=" ">
      <subfield code="a">Mediterranean region</subfield>
   </datafield>
   <datafield tag="653" ind2=" " ind1=" ">
      <subfield code="a">Nomenclature</subfield>
   </datafield>
   <datafield ind2="0" ind1="0" tag="245">
      <subfield code="a">Conspectus of Helichrysum Mill. sect. Stoechadina (DC.) Gren. &amp; Godr.(Asteraceae, Gnaphalieae)</subfield>
   </datafield>
</record></metadata></record></GetRecord></OAI-PMH>